000 01280nam a2200349Ia 4500
001 ebr10062793
003 CaPaEBR
006 m u
007 cr cn|||||||||
008 000627s2000 enkab sb 001 0 eng d
010 _z 00268914
015 _aGBA0-11336
020 _z0203220870
020 _z0419255907
020 _z0419256008 (pbk.)
040 _aCaPaEBR
_cCaPaEBR
035 _a(OCoLC)71348436
050 1 4 _aHE148
_b.B345 2000eb
082 0 4 _a388
_221
100 1 _aBanister, David.
245 1 0 _aTransport investment and economic development
_h[electronic resource] /
_cDavid Banister and Joseph Berechman.
260 _aLondon :
_bUCL Press,
_c2000.
300 _aviii, 370 p. :
_bill., maps.
504 _aIncludes bibliographical references (p. [335]-362) and index.
533 _aElectronic reproduction.
_bPalo Alto, Calif. :
_cebrary,
_d2009.
_nAvailable via World Wide Web.
_nAccess may be limited to ebrary affiliated libraries.
650 0 _aTransportation.
650 0 _aEconomic development.
655 7 _aElectronic books.
_2local
700 1 _aBerechman, Joseph.
710 2 _aebrary, Inc.
856 4 0 _uhttp://site.ebrary.com/lib/rucke/Doc?id=10062793
_zAn electronic book accessible through the World Wide Web; click to view
999 _c47161
_d47161